000 00420nam a22001697a 4500
005 20170504123827.0
010 _aENG-118041
020 _a9789351951193
_c399.00
035 _aEN-101573
037 _bDBAD/PUB
082 _aN
100 _aRao, Vivek
245 _aShot down/
_cby Vivek Rao
260 _aGurugram
_bHachette Book Publishing India
_c2017
300 _a354p.
_c22cm.(pbk)
942 _2ddc
_cEN
_hN
_mRAO
999 _c139497
_d139497